|
|
|
|
| LEADER |
01587nam a22003852a 4500 |
| 001 |
000403231 |
| 003 |
CZ BrMZK |
| 005 |
20220121110053.0 |
| 007 |
ta |
| 008 |
040716s1916 xr a f |||| 0 cze d |
| 015 |
|
|
|a cnb000698490
|
| 035 |
|
|
|a (OCoLC)85488404
|
| 040 |
|
|
|a ABA007
|b cze
|d BOA001
|
| 043 |
|
|
|a e-xr---
|b e-xr-pg
|2 czenas
|
| 072 |
|
7 |
|a 930.85
|x Dějiny civilizace. Kulturní dějiny
|2 Konspekt
|9 8
|
| 080 |
|
|
|a 930.85
|2 MRF
|
| 080 |
|
|
|a 904
|2 MRF
|
| 080 |
|
|
|a (437.311)
|2 MRF
|
| 080 |
|
|
|a (083.824)
|2 MRF
|
| 245 |
0 |
0 |
|a Praha 1750-1850 :
|b památky literární, umělecké a občanské.
|
| 260 |
|
|
|a Praha :
|b [Městské museum pražské],
|c 1916.
|
| 300 |
|
|
|a 182 s.
|
| 500 |
|
|
|a Výstavu pod záštitou rady král. hlavního města Prahy, uspořádalo Městké museum pražské za pomoci zvláštního pracovního výboru Staroměstské radnice
|
| 520 |
|
|
|a Katalog exponátů z výstavy památek připomínajících dobu českého národního obrození, kterou uspořádalo Muzeum hl. města Prahy v r. 1916.
|
| 650 |
0 |
7 |
|a kulturní dějiny
|7 ph122020
|2 czenas
|
| 650 |
0 |
7 |
|a památky
|7 ph123920
|2 czenas
|
| 651 |
|
7 |
|a Praha (Česko)
|7 ge118011
|2 czenas
|
| 655 |
|
7 |
|a katalogy výstav
|7 fd132536
|2 czenas
|
| 710 |
2 |
|
|a Staroměstská radnice (Praha, Česko)
|7 kn20020911010
|
| 910 |
|
|
|a BOA001
|b 2-0043.158
|
| 990 |
|
|
|a BK
|
| 993 |
|
|
|a Y
|
| 991 |
|
|
|b 202201
|
| 996 |
6 |
|
|b 2619503925
|c 2-0043.158
|l MZK
|r Sklad / do 24 hodin
|n 0
|w 000403231
|u 000020
|a 1
|e BOA001
|j MZK50
|s P
|
| 996 |
6 |
|
|b 2619803900
|c 2-0043.158
|l MZK
|r Sklad / do 24 hodin
|n 1
|w 000403231
|u 000010
|a 1
|e BOA001
|j MZK50
|s P
|